| 000 | 00764nam a2200229Ia 4500 | ||
|---|---|---|---|
| 001 | 7315 | ||
| 003 | GE_BSU | ||
| 008 | 181216s||||||||xx |||||||||||||| ||und|| | ||
| 020 | _a9789941929779 | ||
| 040 | _cGE_BSU | ||
| 080 | _a94(479.223)+929.52(479.223) | ||
| 100 | _aსურმანიძე რამაზ | ||
| 245 | _aმჟავანაძეები. | ||
| 245 | _bისტორიულ–გენეალოგიური ნარკვევები | ||
| 245 | _cრედ.: შაქრო მჟავანაძე. | ||
| 260 | _aთბილისი. | ||
| 260 | _bივერიონი. | ||
| 260 | _c2013. | ||
| 300 | _a225 გვ.; ილ.; 23 სმ. | ||
| 653 | _aმჟავანაძეები. | ||
| 942 | _cBK | ||
| 999 |
_c40680 _d40680 |
||